Využitie trávnej hmoty teľčami

Bibliographic Details
Main Author: Šúr, D. (Author)
Format: Article
Language:Slovak
PhysicalDescription:Tb. 1. Grafy 2.
Subjects:

MARC

LEADER 00000nab a2200000 a 4500
001 vtls000025299
003 SK-MaSNL
005 20260303031110.0
008 111026c1978 xo 0 slo
015 |a SNBRA19rr/mm-uuuuu 
035 |a CL0035393 
040 |a SNKBUCL  |b slo  |c SNKBUCL  |e AACR2 
041 0 |a slo 
044 |a xo  |c SK 
080 |a 636.2  |2 1981 
080 |a 636.08  |2 1981 
080 |a 633.2/.3  |2 1981 
100 1 |a Šúr, D.  |4 aut  |9 926194 
245 1 0 |a Využitie trávnej hmoty teľčami  |c D. Šúr 
300 |b Tb. 1. Grafy 2. 
650 0 7 |a telce  |2 snkbucl  |9 1004868 
650 0 7 |a tráva  |2 snkbucl  |9 922224 
655 7 |a články zo zborníkov  |2 snkbucl  |9 166140 
773 0 |t Kŕmna hodnota trávnych porastov a jej využitie v živočíšnej veľkovýrobe  |d Košice : ČSVTS-Dom techniky, 1978  |g S. 85-93 
850 |a Slovenská národná knižnica v Martine  |a MTA001 
852 |a SNK  |b KIS3GCP 
958 7 |a RK 
992 |a RZB 
999 |c 1655929  |d 1657859